| 000 | 004660000a22001570004500 | ||
|---|---|---|---|
| 003 | MACL | ||
| 005 | 20170706131255.0 | ||
| 008 | 170706b xxu||||| |||| 00| 0 eng d | ||
| 040 | _cmacl | ||
| 100 |
_aतेडुलकर,विजय _968074 |
||
| 245 | _aपापा खो गए | ||
| 260 |
_bकला प्रकाशन _c1997 _aदिल्ली |
||
| 350 | _a45 | ||
| 650 |
_aबाल पुस्तक _966192 |
||
| 942 |
_cHIN _k741.642 _2ddc |
||
| 999 |
_c17832 _d17832 |
||